000
00284nam a22001217a 4500
008
181106b xxu||||| |||| 00| 0 eng d
041
_a
eng
080
_a
159.9
100
_a
48
101
_a
PSI
245
_a
Further Explorations in Social Psychiatry
_c
Kaplan,B.H
942
_2
udc
_c
BK
999
_c
51981
_d
51981